Leeds United 20 Most expensive Transfers Quiz Stats

Quiz not verified by Sporcle

Challenge
Share
Tweet
Embed
Score 0/20 Timer 06:00
0 Plays Today
Fee Player Name % Correct
18mRio Ferdinand
97.3%
6mMark Viduka
85.5%
11mRobbie Fowler
82.9%
12mRobbie Keane
77.2%
7mSeth Johnson
73.6%
7.2mOlivier Dacourt
70.5%
2.8mLee Bowyer
62%
4.4mDavid Batty
58.7%
5mMichael Bridges
56.3%
3.4mTony Yeboah
53.4%
Fee Player Name % Correct
4mDanny Mills
52.2%
4.75mDominic Matteo
50.8%
3mJason Wilcox
43.7%
4.5mTomas Brolin
40.2%
2.9mBrian Deane
35.9%
4.5mMichael Duberry
35.6%
4mDarren Huckerby
34%
4.5mLee Sharpe
33.7%
2.75mNick Barmby
32.4%
3.25mDavid Hopkin
29.5%

You're not logged in!

Compare scores with friends on all Sporcle quizzes.
Join for Free
OR
Log In

You Might Also Like...

Show Comments

Extras

Top Quizzes Today


Score Distribution

Your Account Isn't Verified!

In order to create a playlist on Sporcle, you need to verify the email address you used during registration. Go to your Sporcle Settings to finish the process.

Report this User

Report this user for behavior that violates our Community Guidelines.

Details: